00553 2200193 4500001002100000008004100021035002000062245007800082100002000160250001000180260003800190300003500228020002200263084001600285082001000301650002600311990001100337990001100348INLIS000000000014816 ind  a0010-1022000134 aBuku Pintar Menu Sehat 30 HaricReva Divantary;editor, Intan Dewi Nuraini aREVA, Divantary acet.1 aDepok :bSenja Media Utama,c2022 axviii, 180 hlm.: ilus.c21 cm. a978-602-6563-47-7 a641.5 REV b a641.5 aMAKANAN.RESEP MAKANAN a9686 a a9686 b